00405nam a22001577a 4500003000400000008004100004020001800045082001600063100001500079245004000094260002800134300001300162650002900175700002000204700002300224OSt260112b |||||||| |||| 00| 0 eng d a9789349865778 a344.104 TIT aTwari, O.P aTestbook of Pharmacy Law and Ethics aN.DelhibRudranshc2025 axvii,185 aPharmacy law and Eithics aRamandeep Singh aKaker & Meheshwari